000 00766nam a2200241Ia 4500
003 OSt
005 20260226164417.0
008 210716s2019 xx 000 0 und d
020 _a9788126504442
040 _cAIMIT LIBRARY
041 _aeng
082 _a658.4038011
_21
_bMATE
100 _aMatisoff, Eric.
_9256869
245 _aAdobe analytics :
_bfor dummies /
_cBy Eric Matisoff and David Karlins.
250 _a1st ed.
260 _aNew Delhi :
_bWiley India Pvt Ltd ,
_c2019.
300 _axii,385 p.;
_bPB
_c23.5 cm.
650 _aAnalyzing data
_9256870
650 _aMassaging data for complex analysis
_9256871
650 _aVisualizing data to reveal nuggets
_9256872
700 _aKarlins, David.
_9256873
942 _2ddc
_cBK
_e1
_k658.4038011 MATE
999 _c197144
_d197144